000
00275nam a22001217a 4500
040
_c
333
082
_a
333 WIN 1993 C090
100
_a
J. T. WINPENNY
245
_a
Values for the environment
260
_a
Phnom Penh
_b
WIN
_c
1993
300
_a
277p.
_b
ill.
_c
29cm.
942
_c
EK
999
_c
11235
_d
11235